000
00281nam a22001217a 4500
008
181023b xxu||||| |||| 00| 0 eng d
041
_a
eng
080
_2
5 ed
_a
311
100
_a
55
101
_a
STA
245
_a
Element Of Ststisticsl Inference
_c
David.H.V
942
_2
udc
_c
BK
999
_c
50751
_d
50751